000 00626nmm a2200181Ia 4500
008 251105s9999||||xx |||||||||||||||||und||
041 _aspa
100 _aVega Lugo, Alexander
245 0 _aJosé Agustín Blanco Barros :
_b Obras completas. Tomo IV - Geografía histórica
264 _a[Bogotá, Colombia] :
_bUniversidad del Norte,
_c2017
300 _a512 páginas
490 _aBarranquilla y el Caribe
650 _aHistory of the Americas: Latin America
700 _aVega Lugo, Alexander
700 1 _a Villalón Donoso, Jorge (comps.)
856 _uhttps://public.digitaliapublishing.com/a/54965
942 _cCF
999 _c72307
_d72307